000 00725cam a2200193 i 4500
005 20251208103705.0
008 250721s2000 le gr 000 0 ara d
020 _a2745128914
082 1 4 _a216
_bط ب ر
100 1 _aإسماعيل، محمد حسن
_eحقق.
245 1 2 _aالأحكام الفقهية للإمام الطبري :
_bمجموعة من كتاب التفسير له /
_cجمعه وحققه محمد حسن محمد حسن اسماعيل.
250 _aالطبعه الاولى.
264 3 1 _aبيروت :
_bدار الكتب العلمية،
_c2000.
300 _a480 صفحه.
650 1 7 _aالإسلام.
650 1 7 _aالفقه الإسلامي.
942 _2ddc
_cBK
999 _c3876
_d3876